[Event "Osasco op"]
[Site "Osasco"]
[Date "2023.12.03"]
[Round "6"]
[White "Pinheiro, Rafael Da Silva"]
[Black "Santana, Expedito"]
[Result "1-0"]
[WhiteElo "1653"]
[BlackElo "1410"]
[PlyCount "76"]
[EventDate "2023.12.01"]
[EventType "swiss"]
[EventRounds "6"]
[EventCountry "BRA"]
[SourceTitle "CB50_2023"]
[SourceDate "2023.12.13"]
[SourceVersion "1"]
[SourceVersionDate "2023.12.13"]
[SourceQuality "1"]

1. c4 Nf6 2. Nc3 c6 3. e3 d5 4. b3 Bf5 5. d4 e6 6. Bd3 Bxd3 7. Qxd3 Bb4 8. Bb2 Ne4 9. Nge2 Nxc3 10. Nxc3 Qa5 11. 0-0 0-0 12. a3 Be7 13. b4 dxc4 14. Qxc4 Qh5 15. Ne4 Nd7 16. Ng3 Qh6 17. Rac1 Nf6 18. e4 Ng4 19. h3 Nf6 20. b5 Rfc8 21. a4 Qf4 22. Qd3 cxb5 23. Qxb5 Nxe4 24. Rxc8+ Rxc8 25. Qd7 Rc7 26. Qe8+ Bf8 27. Ba3 Nd6 28. Qb8 Rc6 29. d5 exd5 30. Re1 Qf6 31. Bxd6 Rxd6 32. Re8 g6 33. Rxf8+ Kg7 34. Rg8+ Kh6 35. Qf8+ Kg5 36. Qc8 h5 37. Qc1+ Qf4 38. h4+ Kg4 1-0